Milerová, J.: Nerostné suroviny moří a oceánu

Bibliographic Details
Main Authors: (tes) (Author), Milerová, J. (Author)
Format: Article
Language:Czech
Subjects:

MARC

LEADER 00000nab a2200000 a 4500
001 vtls000358141
003 SK-MaSNL
005 20260302223636.0
008 150602c1989 xo 0 cze
015 |a SNBRB19rr/mm-uuuuu 
035 |a CL0358263 
040 |a SNKBUCL  |b slo  |c SNKBUCL  |e AACR2 
041 0 |a cze 
044 |a xo  |c SK 
080 |a 330.123.7:551.46  |2 1981 
080 |a 551.46  |2 1981 
100 1 |a (tes)  |4 aut  |9 922270 
245 1 0 |a Milerová, J.: Nerostné suroviny moří a oceánu  |c (tes) 
650 0 7 |a moria  |2 snkbucl  |9 327573 
650 0 7 |a oceány  |2 snkbucl  |9 67525 
650 0 7 |a nerastné suroviny  |2 snkbucl  |9 69294 
655 7 |a články z novín a časopisov  |2 snkbucl  |9 267496 
700 1 |a Milerová, J.  |4 aut  |9 953606 
773 0 |t Technická práca  |g Roč. 41, č. 7 (1989), s. 74 
787 0 8 |i Rec.:  |a Milerová, J.  |t Nerostné suroviny moří a oceánu  |d Praha : ÚVTEI/ÚTEIN, 1988 
850 |a Slovenská národná knižnica v Martine  |a MTA001 
852 |a SNK  |b KIS3GCP 
958 |a RK 
958 |a CZ 
992 |a RBX 
999 |c 1521226  |d 1523156